Materials for Design /

Na minha lista:
Detalhes bibliográficos
Autor principal: Lefteri, Chris (Author)
Formato: Livro
Idioma:eslovaco
Publicado em: London : Laurence King Publishing, 2013
Edição:1. vydanie
Assuntos:
Tags: Adicionar Tag
Sem tags, seja o primeiro a adicionar uma tag!

MARC

LEADER 00000nam a22000003a 4500
001 0090248
003 SK-STU
005 20210914155904.7
007 ta
008 210912s ----xo-----e------000-0-----d
020 |a 978-1-78067-344-8 
040 |a STU  |b slo 
041 0 |a slo 
044 |a xxk 
100 1 |a Lefteri, Chris  |4 aut 
245 1 0 |a Materials for Design /  |c aut. Chris Lefteri 
250 |a 1. vydanie 
250 |b 2. dotlač, 2019 
260 |a London :  |b Laurence King Publishing,  |c 2013 
300 |a 256 s. 
650 0 7 |a dizajn a materiál 
650 0 7 |a prírodné materiály 
650 0 7 |a polyméry 
650 0 7 |a kovy a kovové materiály 
650 0 7 |a dizajn produktový 
650 0 7 |a keramické materiály 
650 0 7 |a sklo 
996 |b 284AU09061  |c A* 12341/U  |l AAKNST  |s P  |a 0  |w 0090248_0001 
996 |b 284AU09062  |c A* 12342/U  |l AAKNAR  |s A  |a 24  |w 0090248_0002 
996 |b 284AU09063  |c A* 12343/U  |l AAKNAR  |s A  |a 24  |w 0090248_0003 
996 |b 284AU09064  |c A* 12344/U  |l AAKNAR  |s A  |a 24  |w 0090248_0004 
996 |b 284AU09065  |c A* 12345/U  |l AAKNAR  |s A  |a 24  |w 0090248_0005